Statistics for Ealing Comedies: Actors Picture Quiz

Click here to take the quiz!

General Stats

  • This quiz has been taken 102 times
    (20 since last reset)
  • The average score is 11 of 20

Answer Stats

Answer% Correct
Frankie Howerd
95%
Peter Sellers
90%
Sid James
90%
Benny Hill
85%
David Niven
85%
Thora Hird
80%
Alastair Sim
75%
Alec Guinness
75%
Joyce Grenfell
70%
Wilfred Brambell
65%
Jack Warner
55%
Stanley Holloway
55%
Gordon Jackson
45%
Herbert Lom
45%
Cecil Parker
25%
Raymond Huntley
20%
Joan Greenwood
15%
Basil Radford
10%
Ernest Thesiger
5%
Moira Lister
5%

Score Distribution

Percentile by Number Answered

Percent of People with Each Score

Your Score History

You have not taken this quiz since the last reset